| 000 | 00638nam a2200193 a 4500 | ||
|---|---|---|---|
| 001 | BRCA_1399 | ||
| 005 | 20190320203418.0 | ||
| 008 | 760322s1971 mx-a---###---#000-0#spa-# | ||
| 050 | 4 |
_aNA5257.M4 _b.O27 1971 |
|
| 100 | 1 |
_aObregón, Gonzalo _9811 |
|
| 245 | 1 | 0 |
_aLa Capilla de los Medina Picazo en la Iglesia de Regina Coeli _cGonzalo Obregón. |
| 260 |
_aMéxico _bINAH _c1971 |
||
| 300 |
_a79 p. _bil. _c24 cm. |
||
| 440 | 0 |
_aDepartamento de Monumentos Coloniales _n24 _94577 |
|
| 500 | _aIncluye apéndices | ||
| 504 | _aIncluye referencias bibliográficas | ||
| 610 | 2 | 4 |
_aMéxico (Ciudad) _bRegina Coeli (Iglesia) _94578 |
| 942 |
_2lcc _cB |
||
| 999 |
_c1261 _d1261 |
||